[Event "Politiken Cup 2012"]
[Site "Helsingor DEN"]
[Date "2012.08.05"]
[Round "10.96"]
[White "Kopperberg,Steen"]
[Black "Jacobsen,Fredrik Beer"]
[Result "0-1"]
[WhiteElo "1795"]
[BlackElo "1913"]

1.d4 Nf6 2.Bg5 Ne4 3.Bh4 c5 4.f3 Nf6 5.Bxf6 gxf6 6.c3 cxd4 7.Qxd4 Nc6 8.Qd2 d6
9.Na3 a6 10.e3 h5 11.Ne2 Bd7 12.Nd4 Bh6 13.Nac2 Qb6 14.O-O-O Na5 15.Kb1 e5
16.Nb3 Nxb3 17.axb3 Ke7 18.Bc4 Be6 19.Bxe6 fxe6 20.Rhe1 Rhd8 21.Qd3 f5 22.e4 Rf8
23.exf5 Rxf5 24.Ne3 Bxe3 25.Rxe3 Rg8 26.Re2 Rfg5 27.Rdd2 R8g7 28.Kc2 h4 29.Qc4 h3
30.g3 Rh5 31.f4 d5 32.Qd3 e4 33.Qe3 Qxe3 34.Rxe3 Kf6 35.b4 b5 36.b3 Rc7 37.Kb2 Kf5
38.Rd4 Rh8 39.c4 bxc4 40.bxc4 Rxc4 41.Rxc4 dxc4 42.Kc3 Rd8 43.Kxc4 Rd2 44.g4+ Kxf4
45.Rxh3 e3 46.Kc3 Rd1 47.g5 e2  0-1

[Event "Open ch-MKD 2012"]
[Site "Struga MKD"]
[Date "2012.08.05"]
[Round "2.11"]
[White "Zmijanac,D"]
[Black "Konstantinov,Alek2"]
[Result "0-1"]
[WhiteElo "2205"]
[BlackElo "1757"]

1.d4 Nf6 2.Bg5 Ne4 3.Bf4 d5 4.e3 c5 5.Nd2 Nxd2 6.Qxd2 Nc6 7.Nf3 e6 8.c3 Bd6
9.Bg3 O-O 10.Bd3 a6 11.Rd1 cxd4 12.exd4 b5 13.O-O Rb8 14.Rfe1 Bxg3 15.hxg3 b4
16.c4 dxc4 17.Bxc4 Na5 18.Bd3 b3 19.a3 Bb7 20.Ne5 Rc8 21.Qe2 Qd5 22.Qf1 Qd6
23.Re3 Rfd8 24.Qe2 f6 25.Qh5 fxe5 26.dxe5 g6 27.Qg4 Qe7 28.Rde1 Bd5 29.Bxa6 Rc2
30.Rb1 Qf7 31.Be2 Nc4 32.Rxb3 Nd2 33.Qg5 Rf8  0-1

[Event "11th Braunau Open A"]
[Site "Ranshofen AUT"]
[Date "2012.08.06"]
[Round "4.5"]
[White "Borsos,B"]
[Black "Jaracz,P"]
[Result "0-1"]
[WhiteElo "2270"]
[BlackElo "2536"]

1.d4 Nf6 2.Bg5 Ne4 3.Bf4 d5 4.Nd2 Bf5 5.Nxe4 Bxe4 6.e3 c6 7.Nf3 Qb6 8.Bd3 Bxd3
9.Qxd3 Nd7 10.O-O e6 11.c4 Qa6 12.Rfc1 Be7 13.b3 O-O 14.a4 Rac8 15.Rd1 dxc4
16.bxc4 c5 17.Rab1 cxd4 18.exd4 Rfd8 19.Rdc1 Nb6 20.Qe4 Qxa4 21.Ra1 Qc6 22.Qxc6 Rxc6
23.Rxa7 Rxc4 24.Rxc4 Nxc4 25.Rxb7 Bd6 26.Bxd6 Nxd6 27.Ra7 f6 28.g4 Nb5 29.Ra4 Nc3
30.Rc4 Ne2+ 31.Kg2 g5 32.h4 h6 33.Rb4 Ra8 34.Rb2 Nf4+ 35.Kg3 Ra3 36.Rb8+ Kf7
37.Rb7+ Ke8 38.Rh7 e5 39.dxe5 fxe5 40.Rxh6 e4 41.hxg5 Rxf3+ 42.Kh2 Rxf2+
43.Kg3 Rf3+ 44.Kh2 e3 45.g6 Rh3+ 46.Rxh3 Nxh3  0-1

[Event "38th Badalona Open A"]
[Site "Badalona ESP"]
[Date "2012.08.07"]
[Round "7.2"]
[White "Alarcon Casellas,Rol"]
[Black "Kiewra,K"]
[Result "0-1"]
[WhiteElo "2471"]
[BlackElo "2364"]

1.d4 Nf6 2.Bg5 Ne4 3.Bf4 c5 4.d5 Qb6 5.Nd2 Nxd2 6.Bxd2 Qxb2 7.e4 g6 8.Rb1 Qe5
9.Bd3 Bg7 10.h4 h6 11.Qe2 Qc7 12.f4 h5 13.Nf3 d6 14.Bb5+ Kf8 15.f5 gxf5 16.O-O a6
17.Bd3 Nd7 18.c4 b5 19.exf5 Nf6 20.Ng5 bxc4 21.Bxc4 Bd7 22.Bc3 Bb5 23.Bxb5 axb5
24.Rxb5 Qa7 25.Qb2 Qa4 26.g3 Kg8 27.Rb7 Qg4 28.Rf3 Re8 29.Qb5 Kf8 30.Kg2 Nxd5
31.Ne6+ fxe6 32.fxe6+ Kg8 33.Qxe8+ Kh7 34.Qf7 Nxc3 35.Rf4 Qg6 36.Rxe7 Nd5
37.Rd7 Nxf4+ 38.Qxf4 Qxe6 39.Rxd6 Qxa2+ 40.Kh3 Rf8 41.Qe4+ Kg8 42.Rd5 Qf2
43.Qe6+ Qf7 44.Qxf7+ Kxf7 45.Rxc5 Kg6 46.Rg5+ Kh6 47.Kg2 Rf6 48.Rb5 Rc6 49.Rd5 Bf6
50.Rd3 Kg6 51.Kh3 Rc4 52.Rd5 Re4 53.Kg2 Re5 54.Rd3 Rc5 55.Kh3 Rc4 56.Rd5 Re4
57.Kg2 Re3 58.Kf2 Rc3 59.Kg2 Be7 60.Re5 Bd8 61.Rd5 Bc7 62.Rg5+ Kf6 63.Rxh5 Rxg3+
64.Kf2 Ra3 65.Kg2 Bf4 66.Rb5 Be5 67.h5 Rg3+ 68.Kf1 Rh3 69.h6 Kf5 70.Rb6 Bf6
71.Kg2 Rxh6 72.Rb3 Bd4 73.Rh3 Ra6 74.Rh4 Be3 75.Rh8 Kg4 76.Rg8+ Bg5 77.Rf8 Ra3
78.Rf7 Bf4 79.Rg7+ Kf5 80.Rg8 Ke4 81.Re8+ Be5 82.Rf8 Ra2+ 83.Rf2 Ra3 84.Rf8 Rg3+
85.Kf2 Rh3 86.Rg8 Ra3 87.Kg2 Ra2+ 88.Kh1 Kf3 89.Rg2 Ra1+ 90.Rg1 Ra8 91.Rg8 Ra1+
92.Rg1 Ra7 93.Rf1+ Kg3 94.Rg1+ Kh3 95.Rg2 Bf4 96.Rh2+ Kg3 97.Rg2+ Kf3 98.Rf2+ Kg4
99.Rg2+ Bg3 100.Rb2 Ra3 101.Kg2 Bf4 102.Rc2 Rg3+ 103.Kh1 Kf3 104.Rh2 Be5
105.Rh7 Rg6 106.Rh3+ Bg3 107.Rh8 Ra6 108.Rf8+ Bf4 109.Rg8 Rh6+  0-1

[Event "FSIMB August 2012"]
[Site "Budapest HUN"]
[Date "2012.08.07"]
[Round "4.4"]
[White "Corke,A"]
[Black "Espinoza Palomino,W"]
[Result "1-0"]
[WhiteElo "2254"]
[BlackElo "2242"]

1.d4 Nf6 2.Bg5 Ne4 3.Bf4 c5 4.f3 Qa5+ 5.c3 Nf6 6.d5 e6 7.e4 exd5 8.exd5 d6
9.Na3 Be7 10.Nc4 Qc7 11.a4 O-O 12.Ne2 b6 13.g4 Bb7 14.Ne3 Re8 15.Kf2 Nbd7
16.c4 Ne5 17.Nc3 a6 18.Bg3 Qd8 19.f4 Ng6 20.g5 Nd7 21.h4 f6 22.Bh3 Ndf8 23.h5 fxg5
24.hxg6 gxf4 25.gxh7+ Kh8 26.Bxf4 Bh4+ 27.Kf3 Ng6 28.Nf5 Nxf4 29.Kxf4 Qg5+
30.Kf3 g6 31.Ne4 Rxe4 32.Kxe4 Re8+ 33.Kd3 gxf5 34.Qd2 Qg6 35.Qf4 Re4 36.Bxf5 Rxf4
37.Bxg6 Rd4+ 38.Ke3 b5 39.axb5 axb5  1-0

[Event "113th US Open 2012"]
[Site "Vancouver USA"]
[Date "2012.08.08"]
[Round "5"]
[White "Gutman,R"]
[Black "Rubsamen,C"]
[Result "1/2-1/2"]
[WhiteElo "2113"]
[BlackElo "2239"]

1.d4 Nf6 2.Bg5 Ne4 3.Bf4 c5 4.f3 Qa5+ 5.c3 Nf6 6.e4 cxd4 7.Qxd4 Nc6 8.Qd1 d5
9.b4 Qd8 10.b5 Na5 11.e5 Ng8 12.Bd3 e6 13.Ne2 Bd7 14.Nd2 Qc7 15.a4 Bc5 16.Nb3 Nxb3
17.Qxb3 Ne7 18.Bg3 O-O 19.Nd4 Ng6 20.f4 Bxd4 21.cxd4 Qa5+ 22.Ke2 f6 23.f5 Ne7
24.fxe6 Bxe6 25.exf6 Bg4+ 26.Ke3 Rxf6 27.Be5 Rf7 28.Rhf1 Nf5+ 29.Bxf5 Bxf5
30.Rac1 Qd8 31.Rf4 Rc8 32.Rxc8 Bxc8 33.Rxf7 Kxf7 34.Kf2 Qh4+ 35.Qg3 Qxg3+
36.Kxg3 Bf5  1/2-1/2

[Event "II Brazil Maringa Open"]
[Site "Maringa BRA"]
[Date "2012.08.09"]
[Round "3.6"]
[White "Stamenkovic,Dr"]
[Black "De Andrade,O"]
[Result "1-0"]
[WhiteElo "2383"]
[BlackElo "2110"]

1.d4 Nf6 2.Bg5 Ne4 3.Bf4 d5 4.e3 e6 5.Bd3 Nf6 6.Nf3 Bd6 7.Nbd2 Bxf4 8.exf4 Nbd7
9.b4 c6 10.Ne5 Qb6 11.c3 a5 12.a3 a4 13.Qe2 Qc7 14.O-O g6 15.Ndf3 O-O 16.Ng5 b5
17.Qf3 h6 18.Nh3 Re8 19.Qg3 Nf8 20.Qh4 Kg7 21.g4 Ng8 22.Rae1 f6 23.Nxg6 Nxg6
24.Bxg6 Re7 25.Bc2 e5 26.fxe5 fxe5 27.f4 e4 28.f5 Rf7 29.Nf4 Qd6 30.Qg3 Qc7
31.h4 Ra7 32.Rf2 Kf8 33.Ng6+ Kg7 34.Ne5 Kf8 35.Ref1 Rg7 36.Kg2 Nf6 37.g5 Nh5
38.Ng6+ Kg8 39.Qg4  1-0

[Event "Open ch-MKD 2012"]
[Site "Struga MKD"]
[Date "2012.08.09"]
[Round "6.10"]
[White "Zmijanac,D"]
[Black "Nikolovska,D"]
[Result "1-0"]
[WhiteElo "2205"]
[BlackElo "1828"]

1.d4 Nf6 2.Bg5 Ne4 3.Bf4 d5 4.f3 Nf6 5.Nc3 c5 6.e3 g6 7.Qd2 Nc6 8.Nb5 e5
9.dxe5 Nh5 10.Qxd5 Qa5+ 11.Qd2 Qb6 12.O-O-O Nxf4 13.exf4 Be6 14.Nc3 Bh6 15.Qe3 O-O
16.g4 Rad8 17.g5 Bg7 18.Bd3 Nd4 19.Be4 Qa6 20.Nge2 Bxa2 21.Nxd4 cxd4 22.Rxd4 Be6
23.Ra4 Qb6 24.Qxb6 axb6 25.Bxb7 Rd7 26.Bc6 Rc7 27.Be4 Bd7 28.Ra6  1-0

[Event "Miguel Najdorf Open A"]
[Site "Warsaw POL"]
[Date "2012.08.09"]
[Round "5.20"]
[White "Sielicki,T"]
[Black "Maciaga,M"]
[Result "1-0"]
[WhiteElo "1982"]
[BlackElo "2224"]

1.d4 Nf6 2.Bg5 Ne4 3.h4 h6 4.Bf4 d5 5.Nd2 Nf6 6.e3 c5 7.Ngf3 Nc6 8.dxc5 Bg4
9.Bb5 Qa5 10.Bxc6+ bxc6 11.O-O Qxc5 12.c4 g5 13.Be5 Bg7 14.Qa4 Bxf3 15.Nxf3 g4
16.Nd4 dxc4 17.Nxc6 g3 18.Bxf6  1-0

[Event "16th Izmailov Mem"]
[Site "Tomsk RUS"]
[Date "2012.08.10"]
[Round "4.8"]
[White "Dmitrienko,And"]
[Black "Loskutov,O"]
[Result "0-1"]
[WhiteElo "2249"]
[BlackElo "2417"]

1.d4 Nf6 2.Bg5 Ne4 3.Bf4 c5 4.f3 Qa5+ 5.c3 Nf6 6.Nd2 cxd4 7.Nb3 Qb6 8.Qxd4 Nc6
9.Qxb6 axb6 10.Nd4 Nxd4 11.cxd4 Nd5 12.Bd2 e5 13.dxe5 Bc5 14.e4 Nb4 15.Bxb4 Bxb4+
16.Kd1 O-O 17.Bb5 d6 18.exd6 Be6 19.Nh3 Bxd6 20.Nf2 Bxa2 21.Ke2 Ra5 22.Nd3 Rfa8
23.Bd7 Bc4 24.Rac1 b5 25.Rhd1 Bxh2 26.Ke3 Bc7 27.Nb4 Be5 28.Nd3 Bd6 29.f4 Ra2
30.e5 Be7 31.Bf5 b6 32.Be4 Rd8 33.g3 g6 34.Ra1 Ra4 35.Rac1 Bb3 36.Rd2 Rad4
37.Rc3 Bc4 38.b3 Be6 39.Rc7 Ba3 40.Ra2 Rxe4+ 41.Kxe4 Bf5+ 42.Kf3 Rxd3+ 43.Kg2 Rxb3  0-1

[Event "Prva liga RS seniori 2012"]
[Site "Banja Vrucica SRB"]
[Date "2012.08.12"]
[Round "2"]
[White "Pavlovic,Dej"]
[Black "Brenjo,S"]
[Result "1/2-1/2"]
[WhiteElo "2419"]
[BlackElo "2507"]

1.d4 Nf6 2.Bg5 Ne4 3.Bf4 c5 4.f3 Qa5+ 5.c3 Nf6 6.Nd2 cxd4 7.Nb3 Qb6 8.Qxd4 Nc6
9.Qxb6 axb6 10.Nd4 e5 11.Nxc6 exf4 12.Nd4 g6 13.Nh3 Nd5 14.e4 fxe3 15.Bc4 Nc7
16.Ke2 d5 17.Nb5 Nxb5 18.Bxb5+ Ke7 19.Nf4 Be6 20.Rhd1 Bh6 21.Nxd5+ Bxd5 22.Rxd5 Rhd8
23.Rxd8 Rxd8 24.Rd1 Rxd1 25.Kxd1 f5 26.Ke2 Bf4 27.g3 Bd6 28.Kxe3 Bc5+ 29.Ke2 Bg1
30.h3 Bh2 31.Kf2 f4 32.g4 Bg3+ 33.Ke2 g5 34.Bd3 Kd6 35.Bxh7 Kc7 36.Kd3 Bh4
37.Kc4 Bf2 38.a4 Be1 39.Kb5 Bd2 40.a5 bxa5 41.Kxa5 b6+ 42.Ka6 Be3 43.c4 Bd2
44.Ka7 Be3 45.Ka6 Bg1 46.Bf5 Bf2 47.b3 Be1 48.Ka7 Bf2 49.b4 b5+ 50.c5 Be1
51.Ka6  1/2-1/2

[Event "2nd Metropolitan International"]
[Site "Los Angeles USA"]
[Date "2012.08.15"]
[Round "2"]
[White "Gareev,T"]
[Black "Matikozian,A"]
[Result "1/2-1/2"]
[WhiteElo "2658"]
[BlackElo "2400"]

1.d4 Nf6 2.Bg5 Ne4 3.Bf4 d5 4.f3 Nf6 5.Nc3 Bf5 6.e3 e6 7.Bd3 Bxd3 8.Qxd3 Nc6
9.Nge2 Bd6 10.O-O-O Bxf4 11.Nxf4 O-O 12.g4 a6 13.h4 Nd7 14.g5 Nb4 15.Qd2 c5
16.dxc5 Nxc5 17.Qd4 Qa5 18.Nh5 f6 19.gxf6 g6 20.f7+ Rxf7 21.Nf6+ Rxf6 22.Qxf6 Nxa2+
23.Nxa2 Qxa2 24.Qd4 Rc8 25.Kd2 Qa5+ 26.Ke2 Qb5+ 27.Kf2 Nd7 28.Rd2 Rc4 29.Qd3 Qxb2
30.h5 Ne5 31.Qf1 Rxc2 32.Rxc2 Qxc2+ 33.Kg3 Qf5 34.hxg6 Qxg6+ 35.Kf2 Qc2+
36.Kg3 Qg6+ 37.Kf2 Qc2+ 38.Kg3  1/2-1/2

[Event "e2e4 Gatwick Masters A 2012"]
[Site "Crawley ENG"]
[Date "2012.08.18"]
[Round "1.1"]
[White "Bennett,Dominic L"]
[Black "White,Mi"]
[Result "0-1"]
[WhiteElo "2037"]
[BlackElo "2346"]

1.d4 Nf6 2.Bg5 Ne4 3.Bf4 c5 4.f3 Qa5+ 5.c3 Nf6 6.Nd2 cxd4 7.Nb3 Qb6 8.Qxd4 Nc6
9.Qxb6 axb6 10.Bg5 e5 11.e4 d6 12.Bb5 Be6 13.Nd2 Be7 14.Ne2 O-O 15.a4 Rfd8
16.Be3 Na7 17.Bd3 Nd7 18.b4 d5 19.exd5 Bxd5 20.Kf2 Be6 21.Bc4 Bf5 22.g4 Bg6
23.h4 h6 24.Rag1 Nc8 25.Bb3 b5 26.axb5 Bd3 27.Nc1 Bxb5 28.g5 hxg5 29.hxg5 g6
30.Rh4 Nf8 31.Rgh1 Nd6 32.Ne4 Kg7 33.Nc5 Nf5 34.Nxb7 Rdb8 35.Na5 Nxe3 36.Kxe3 Bxg5+
37.Kf2 Bxh4+ 38.Rxh4 Bd7 39.Bd5 Ra6 40.Nd3 Rd6 41.c4 Be6 42.Bxe6 Nxe6 43.Nxe5 Rxb4
44.Rh1 f6 45.Nec6 Ra4 46.Rc1 Nc5 47.Re1  0-1

[Event "11th Lichtenberger Sommer 2012"]
[Site "Berlin GER"]
[Date "2012.08.19"]
[Round "2.25"]
[White "Schulz,M1"]
[Black "Richter,Go"]
[Result "1-0"]
[WhiteElo "2239"]
[BlackElo "2019"]

1.d4 Nf6 2.Bg5 Ne4 3.Bf4 c5 4.f3 Qa5+ 5.c3 Nf6 6.d5 d6 7.e4 g6 8.Na3 Qd8
9.Qd2 b6 10.Bb5+ Bd7 11.Bd3 Qc8 12.Ne2 Na6 13.O-O Nc7 14.b4 Bg7 15.Bh6 O-O
16.Bxg7 Kxg7 17.Ng3 Qd8 18.Rae1 e6 19.bxc5 bxc5 20.c4 Na6 21.Nc2 e5 22.a3 Rb8
23.Rb1 Qc7 24.Ne3 Rxb1 25.Bxb1 Rb8 26.Nef5+ Kg8 27.Qh6 Ne8 28.Ne7+  1-0

[Event "EY Boys U18 2012"]
[Site "Prague CZE"]
[Date "2012.08.19"]
[Round "3.8"]
[White "Godart,F"]
[Black "Zhou,Y"]
[Result "1/2-1/2"]
[WhiteElo "2337"]
[BlackElo "2430"]

1.d4 Nf6 2.Bg5 Ne4 3.Bh4 c5 4.f3 g5 5.fxe4 gxh4 6.e3 Bh6 7.d5 Qb6 8.Nd2 Qxb2
9.Rb1 Qf6 10.Ngf3 d6 11.Bb5+ Kf8 12.O-O Rg8 13.Kh1 Bg4 14.Be2 Bxe3 15.Nc4 Bf4
16.Rxb7 Bc8 17.Rb3 Nd7 18.Qe1 Ne5 19.Nxh4 Nxc4 20.Bxc4 Bd2 21.Qxd2 Qxh4 22.Rf4 Rg4
23.Rxg4 Bxg4 24.h3 Bd7 25.Qe3 Ba4 26.Rb7 Qf6 27.Bb3 Bxb3 28.Rxb3 a5 29.Rb1 a4
30.a3 Kg7 31.Kg1 Qe5 32.c3 h6 33.Qf3 Qf6 34.Qe3 Qe5 35.Qf3 Qf6 36.Qe3 Qe5
37.Qd3 Qg5 38.Qf3  1/2-1/2

[Event "2nd Isthmia Open A"]
[Site "Korinthia GRE"]
[Date "2012.08.21"]
[Round "5.15"]
[White "Zografos,A"]
[Black "Debashis,D"]
[Result "1/2-1/2"]
[WhiteElo "2130"]
[BlackElo "2446"]

1.d4 Nf6 2.Bg5 Ne4 3.Bh4 c5 4.Nd2 Nxd2 5.Qxd2 cxd4 6.Nf3 Nc6 7.Nxd4 Qb6 8.O-O-O e6
9.e4 a6 10.Kb1 Nxd4 11.Qxd4 Qxd4 12.Rxd4 Bc5 13.Rd2 b5 14.Bd3 Bb7 15.Re1 d6
16.f3 Rc8 17.Bf2 Bxf2 18.Rxf2 Ke7 19.c3 Rc5 20.Rd1 Rh5 21.g3 Rc5 22.Bc2 h5
23.Rfd2 Rd8 24.Rd4 g6 25.a4 f5 26.f4 fxe4 27.Bxe4 Bxe4+ 28.Rxe4 Re8 29.axb5 axb5
30.Kc2 g5 31.Red4 Rd8 32.R1d2 gxf4 33.gxf4 Rc4 34.Kb3 d5 35.Kc2 Rf8 36.b3 Rxd4
37.Rxd4 Rg8 38.Rd2 Kf6 39.Kd3 Rg4 40.Ke3 Rh4 41.Rg2 Rh3+ 42.Kd4 Rf3 43.Rg3 Rxf4+
44.Kc5 h4 45.Rd3 Rf2 46.Kxb5 Rxh2 47.c4 dxc4 48.bxc4 h3 49.Kc6 Rh1 50.c5 h2
51.Rd2 e5 52.Kd5 e4 53.Rf2+ Ke7 54.Ke5 Kd7 55.Re2 Kc6 56.Kxe4 Kxc5 57.Ke5 Kc4
58.Ke4 Kc3 59.Ke3 Kb3 60.Ke4 Kc4 61.Rc2+ Kb5 62.Re2 Kc6 63.Ke5 Kb5 64.Ke4 Kc5
65.Ke5 Kb5 66.Ke4 Kc4 67.Rc2+ Kb5 68.Re2 Ka6 69.Ke3 Kb7 70.Ke4 Kc7 71.Ke5 Kd7
72.Ke4 Kd6 73.Rd2+ Ke6 74.Re2  1/2-1/2

[Event "87th ch-FRA 2012"]
[Site "Pau FRA"]
[Date "2012.08.22"]
[Round "9"]
[White "Bauer,Ch"]
[Black "Vachier Lagrave,M"]
[Result "1/2-1/2"]
[WhiteElo "2682"]
[BlackElo "2686"]

1.d4 Nf6 2.Bg5 Ne4 3.Bf4 c5 4.d5 Qb6 5.Bc1 g6 6.f3 Nd6 7.e4 Bg7 8.Nd2 O-O
9.f4 e6 10.e5 Nf5 11.Nc4 Qd8 12.dxe6 dxe6 13.Qxd8 Rxd8 14.c3 b6 15.Nf3 Bb7
16.Be2 Nd7 17.O-O f6 18.g4 Ne7 19.exf6 Nxf6 20.Ng5 Bd5 21.Ne3 Rd6 22.Nc4 Rdd8
23.Ne3 Rd6 24.Nxd5 Nexd5 25.Bf3 Re8 26.Re1 h6 27.Nh3 h5 28.gxh5 Nxh5 29.f5 e5
30.Bg5 Ndf6 31.fxg6 Bf8 32.Nf2 Kg7 33.Bxf6+ Nxf6 34.Ne4 Rde6 35.Nxf6 Rxf6
36.Be4 c4 37.Rad1 Bc5+ 38.Kh1 Rf2 39.Rf1 Rf4 40.Rfe1 Rf2 41.b4 cxb3 42.axb3 a5
43.Rd3 Rf4 44.Rh3 Rh8 45.Rxh8 Kxh8 46.Kg2 Kg7 47.Re2 Rg4+ 48.Kf3 Rf4+ 49.Kg3 b5
50.Bc6 b4 51.Rxe5 Bd6 52.Kxf4 bxc3 53.Be4 Kf6 54.h4 Bxe5+ 55.Ke3 c2 56.Bxc2 Kg7
57.Kf3 Bc3 58.Kg2 Be5 59.Kf3 Bc3 60.Kg2 Be5 61.Kf3  1/2-1/2

[Event "EY Girls U18 2012"]
[Site "Prague CZE"]
[Date "2012.08.22"]
[Round "6.2"]
[White "Khlichkova,T"]
[Black "Gevorgyan,M"]
[Result "1-0"]
[WhiteElo "2123"]
[BlackElo "2069"]

1.d4 Nf6 2.Bg5 Ne4 3.Bf4 c5 4.f3 Qa5+ 5.c3 Nf6 6.d5 Qb6 7.b3 e6 8.e4 exd5
9.exd5 Bd6 10.Bg5 O-O 11.Bxf6 Re8+ 12.Ne2 gxf6 13.Nd2 Qc7 14.Qc2 Bf8 15.O-O-O d6
16.Ng3 Nd7 17.Bd3 h6 18.Nde4 Qd8 19.f4 Nb6 20.Bb5 Bd7 21.Bxd7 Nxd7 22.Nf5 Qc7
23.Rhe1 c4 24.b4 a5 25.b5 Kh8 26.a4 Nc5 27.Kb2 Rad8 28.Ka2 Qc8 29.g4 Nxe4
30.Rxe4 Rxe4 31.Qxe4 Re8 32.Qf3 Kh7 33.Qf2 Kg8 34.Rd4 Qc5 35.Qf1 b6 36.h3 Rc8
37.Qe2 Qc7 38.Qe4 Qd7 39.Qe2 Qc7 40.Re4 Kh7 41.Kb2 Qd7 42.Rxc4 Rxc4 43.Qxc4 Qe8
44.Qd3 Kg8 45.Qe3 Qd8 46.Nd4 Qc8 47.Nc6 f5 48.Qxb6 fxg4 49.hxg4 Qxg4 50.Qf2 Qd1
51.Nd4 Be7 52.Qe3 Kf8 53.b6 Bd8 54.b7 Bc7 55.Nf5 Qxd5 56.Qe7+ Kg8 57.Nxh6+ Kg7
58.Nf5+ Kh7 59.Qh4+ Kg8 60.Ne7+  1-0

[Event "24th Schlosspark Open"]
[Site "Wiesbaden GER"]
[Date "2012.08.23"]
[Round "1.56"]
[White "Stiefel,Marika"]
[Black "Kolker,V"]
[Result "0-1"]
[WhiteElo "1645"]
[BlackElo "2028"]

1.d4 Nf6 2.Bg5 Ne4 3.Bf4 c5 4.c3 cxd4 5.cxd4 Qa5+ 6.Nd2 Nc6 7.Nf3 g5 8.d5 gxf4
9.dxc6 bxc6 10.Qc2 Nxd2 11.Qxd2 Qxd2+ 12.Nxd2 Bg7 13.Rb1 d5 14.g3 fxg3 15.hxg3 Bf5
16.Rc1 Rc8 17.b4 Bb2 18.Rc5 Ba3 19.Rh4 Rb8 20.Rxc6 Bxb4 21.Bg2 e6 22.Rxb4 Rxb4
23.Rc8+ Ke7 24.Rxh8 Ra4 25.Rb8 Rxa2 26.e4 dxe4 27.Nxe4 a5 28.Rb7+ Kf8 29.Nd6 Bg6
30.Ra7 a4 31.Bc6 a3 32.Nb5 Rc2 33.Nd4 Rc4 34.Ra4 Rxa4 35.Bxa4 a2 36.Nb3 Bc2
37.Na1 Bxa4 38.Kd2 Ke7 39.Kc1 Bc6 40.Kb2 Bd5 41.Nc2 Kd6 42.Nb4 Kc5 43.Nxd5 Kxd5
44.Kxa2 Ke4 45.Kb2  0-1

[Event "11th Lichtenberger Sommer 2012"]
[Site "Berlin GER"]
[Date "2012.08.25"]
[Round "8.32"]
[White "Hermannsdoerfer,F"]
[Black "Richter,Go"]
[Result "1-0"]
[WhiteElo "2242"]
[BlackElo "2019"]

1.d4 Nf6 2.Bg5 Ne4 3.Bf4 c5 4.f3 Qa5+ 5.c3 Nf6 6.Nd2 cxd4 7.Nb3 Qf5 8.Bxb8 Rxb8
9.Qxd4 b6 10.e4 Qf4 11.Ne2 Qc7 12.e5 Ng8 13.Ng3 f6 14.f4 e6 15.Ne4 Kf7 16.Be2 Be7
17.Bh5+ g6 18.Bf3 fxe5 19.fxe5 Nh6 20.Nd6+ Bxd6 21.exd6 Qd8 22.O-O Rf8 23.Be4+ Kg8
24.Rxf8+ Qxf8 25.Rf1 Nf7 26.Rd1 Bb7 27.Bxb7 Rxb7 28.c4 Qg7 29.Qe4 Rb8 30.c5 Ne5
31.cxb6 axb6 32.Nd4 b5 33.Qe2 b4 34.Qa6 Nf7 35.Qa7 Rd8 36.Qa5 Qe5 37.Qxb4 Qxd6
38.Qxd6 Nxd6 39.b4 Kf7 40.a4 e5 41.Nf3 Nc4 42.Ng5+ Ke7 43.Rf1 h6 44.Ne4 d5
45.Nc5 d4 46.Rd1 Rb8 47.b5 Kd6 48.Ne4+ Kd5 49.Nf6+ Ke6 50.Ne4 Nd6 51.Nc5+ Kd5
52.Na6 Rb7 53.Nb4+ Kc5 54.Nd3+ Kd5 55.Nb4+ Kc5 56.Nd3+ Kd5 57.Rc1 Nc4 58.Nb4+ Kc5
59.Nc6 Kd5 60.Rxc4 Kxc4 61.Na5+ Kd3 62.Nxb7 e4 63.Nc5+ Ke3 64.b6 d3 65.Nb3  1-0

[Event "EY Girls U18 2012"]
[Site "Prague CZE"]
[Date "2012.08.25"]
[Round "9.3"]
[White "Khlichkova,T"]
[Black "Wisniowska,K"]
[Result "1-0"]
[WhiteElo "2123"]
[BlackElo "2181"]

1.d4 Nf6 2.Bg5 Ne4 3.Bf4 d5 4.e3 c5 5.Bd3 cxd4 6.exd4 g6 7.c3 Bg7 8.Bxe4 dxe4
9.Ne2 O-O 10.Nd2 f5 11.Qb3+ e6 12.h4 Nc6 13.Nc4 Qd5 14.O-O-O b6 15.Ne5 Na5
16.Qxd5 exd5 17.h5 Ba6 18.hxg6 hxg6 19.Ng1 Bxe5 20.Bxe5 Nc6 21.Rh8+ Kf7 22.Rh7+ Ke6
23.Nh3 Nxe5 24.Nf4+ Kd6 25.dxe5+ Kc6 26.Nxd5 Bd3 27.c4 Kc5 28.b3 Rh8 29.Rc7+ Kd4
30.e6 Rh2 31.Rd7 Rah8 32.e7 Ke5 33.Rd8 Kd4 34.Nf4+  1-0

[Event "37th Trade Fair Open A"]
[Site "Brno CZE"]
[Date "2012.08.26"]
[Round "2"]
[White "Kireev,Al"]
[Black "Mares,Jan"]
[Result "1-0"]
[WhiteElo "2345"]
[BlackElo "1920"]

1.d4 Nf6 2.Bg5 Ne4 3.Bh4 g5 4.f3 c5 5.fxe4 gxh4 6.e3 Qb6 7.Nc3 Bg7 8.Nd5 Qa5+
9.c3 Nc6 10.a3 d6 11.b4 Qd8 12.Qh5 e6 13.Nf4 e5 14.Bc4 O-O 15.Nfh3 Qf6 16.dxc5 dxc5
17.Nf3 Bxh3 18.gxh3 Qh6 19.Qxh6 Bxh6 20.Ke2 Kh8 21.Nxh4 Ne7 22.Rhf1 f6 23.Rad1 cxb4
24.cxb4 Rac8 25.Rc1 b6 26.Be6 Rxc1 27.Rxc1 a5 28.Rc7 Bg5 29.Nf3 Ng6 30.b5 Rb8
31.Bf5 Bh6 32.a4 Bf8 33.Bxg6 hxg6 34.Nh4 g5 35.Nf5 Kg8 36.Kf3 Bc5 37.Kg4 Kh8
38.Kh5 Rg8 39.Rb7 Re8 40.Nh6 Rf8 41.Kg6  1-0

[Event "37th Trade Fair Open A"]
[Site "Brno CZE"]
[Date "2012.08.28"]
[Round "4"]
[White "Kireev,Al"]
[Black "Tsenov,Tsvetoslav"]
[Result "1-0"]
[WhiteElo "2345"]
[BlackElo "2141"]

1.d4 Nf6 2.Bg5 Ne4 3.Bh4 c5 4.f3 g5 5.fxe4 gxh4 6.e3 Bh6 7.Kf2 cxd4 8.exd4 Nc6
9.Nc3 d6 10.Bc4 O-O 11.Nf3 Bg4 12.h3 Bh5 13.Ne2 e6 14.c3 Kh8 15.g4 Bg6 16.Bd3 f5
17.exf5 exf5 18.g5 Bxg5 19.Nxg5 Qxg5 20.Rg1 Qh6 21.Qc1 f4 22.Bxg6 hxg6 23.Rg4 Rf5
24.Qd2 g5 25.Ng1 Nd8 26.Nf3 Nf7 27.Qd3 Qe6 28.Re1 Qf6 29.Reg1 Rg8 30.Nxh4 Ra5
31.Nf3 Rxa2 32.Qb5 d5 33.Nxg5 Nxg5 34.Rh4+ Nh7 35.Rxg8+ Kxg8 36.Qxd5+ Kf8
37.Rxh7 Rxb2+ 38.Kf3 Qc6 39.Qxc6 bxc6 40.Rc7 Rb6 41.Kxf4 a5 42.Ra7 Rb3 43.c4 Rb4
44.Rxa5 Rxc4 45.Ke4 Rc3 46.Rh5 Ke7 47.Rh6 c5 48.d5 c4 49.Ke5 Rd3 50.Rh7+ Kd8
51.Kd6 Re3 52.Rd7+ Kc8 53.Rc7+ Kd8 54.Ra7 Kc8 55.Kc6 Kb8 56.Rb7+ Kc8 57.d6 Re6
58.Re7  1-0

[Event "37th Trade Fair Open A"]
[Site "Brno CZE"]
[Date "2012.08.29"]
[Round "5"]
[White "Roubalik,J"]
[Black "Vyskocil,N"]
[Result "1-0"]
[WhiteElo "2319"]
[BlackElo "2368"]

1.d4 Nf6 2.Bg5 Ne4 3.Bf4 d5 4.e3 Bf5 5.f3 Nf6 6.g4 Bg6 7.h4 h5 8.g5 Nfd7
9.Bd3 Bxd3 10.Qxd3 e6 11.Nc3 Nc6 12.Nge2 g6 13.O-O-O a6 14.e4 Nb6 15.exd5 exd5
16.Be5 Rg8 17.f4 Qd7 18.Bf6 Be7 19.Bxe7 Nxe7 20.Ng3 O-O-O 21.f5 Nxf5 22.Nxf5 gxf5
23.Rdf1 Rde8 24.Rxf5 Re3 25.Qxe3 Qxf5 26.Qh3 Qxh3 27.Rxh3 Re8 28.b3 Re1+
29.Kd2 Rf1 30.Ke2 Rf4 31.Ke3 Rg4 32.Ne2 Nd7 33.Nf4 f6 34.g6 Nf8 35.Nxd5 Nxg6
36.Nxf6 Rxh4 37.Rxh4 Nxh4 38.Nxh5 Kd7 39.Ke4 a5 40.c4 Ng6 41.Nf6+ Ke6 42.Nd5 Kd7
43.Nf4 Ne7 44.Nd3 b6 45.a3 Nc8 46.Ne5+ Ke6 47.c5 Ne7 48.cxb6 cxb6 49.Nc4 Nd5
50.Ne3 Nf6+ 51.Kd3 Kd6 52.Kc4 Kc6 53.d5+ Kc7 54.Nf5 Ne4 55.Nd4 Nd6+ 56.Kd3 b5
57.Ne2 Kb6 58.Kd4 Nb7 59.Ke5 Nc5 60.Nd4 Nd3+ 61.Kd6 a4 62.b4 Nf4 63.Ne6 Ng6
64.Kd7 Ne5+ 65.Ke7 Ng6+ 66.Kd6  1-0

[Event "40th Olympiad Women"]
[Site "Istanbul TUR"]
[Date "2012.08.29"]
[Round "2.49"]
[White "Mazariego,C"]
[Black "Madrigal,A"]
[Result "0-1"]
[WhiteElo "2062"]
[BlackElo "2026"]

1.d4 Nf6 2.Bg5 Ne4 3.Bf4 d5 4.f3 Nf6 5.Nc3 Bf5 6.Qd2 e6 7.a3 c5 8.dxc5 Bxc5
9.e4 Bg6 10.exd5 exd5 11.O-O-O O-O 12.Nxd5 Nxd5 13.Qxd5 Qb6 14.Bc4 Nc6 15.Ne2 a6
16.Nc3 Rad8 17.Qg5 Be7 18.Qg3 Bxa3 19.Bb3 Na5 20.bxa3 Nxb3+ 21.cxb3 Qxb3
22.Ne4 Qxa3+ 23.Kb1 Qb3+ 24.Kc1 Rc8+ 25.Kd2 Rfd8+ 26.Ke2 Re8 27.Kf2 f5 28.Nd6 Rc2+
29.Kf1 Rd8 30.h4 Qb6 31.h5 Bf7 32.h6 Bc4+ 33.Nxc4 Rxd1+  0-1

[Event "19th Graz Open 2012"]
[Site "Graz AUT"]
[Date "2012.08.31"]
[Round "7.16"]
[White "Spelec,D"]
[Black "Kravanja,Georg"]
[Result "1-0"]
[WhiteElo "2012"]
[BlackElo "2133"]

1.d4 Nf6 2.Bg5 Ne4 3.Bf4 c5 4.f3 Qa5+ 5.c3 Nf6 6.d5 Qb6 7.Bc1 e6 8.e4 exd5
9.exd5 Bd6 10.Na3 O-O 11.Nc4 Qc7 12.Kf2 Re8 13.a4 b6 14.Nh3 Bb7 15.Nxd6 Qxd6
16.c4 Qe5 17.Ra3 Na6 18.g4 Nb4 19.Re3 Qd6 20.g5 Nh5 21.Rxe8+ Rxe8 22.f4 g6
23.Be2 Ng7 24.Bg4 f6 25.Kg3 Bc8 26.Bd2 fxg5 27.Nxg5 Qf6 28.Bc3 Nf5+ 29.Bxf5 Qxf5
30.Re1 Rf8 31.Qf3 Nd3 32.Re7 Qxf4+ 33.Qxf4 Rxf4 34.Rg7+ Kf8 35.Nxh7+ Ke8
36.d6 Rxc4 37.Re7+ Kd8 38.Nf6  1-0

[Event "40th Olympiad Women"]
[Site "Istanbul TUR"]
[Date "2012.09.01"]
[Round "5.23"]
[White "Corke,A"]
[Black "Danielian,E"]
[Result "0-1"]
[WhiteElo "2254"]
[BlackElo "2476"]

1.d4 Nf6 2.Bg5 Ne4 3.Bf4 c5 4.f3 Nf6 5.d5 g6 6.e4 Bg7 7.c3 d6 8.Nd2 O-O 9.a4 e6
10.dxe6 Bxe6 11.Bd3 Nc6 12.Be3 d5 13.Bxc5 Re8 14.Ne2 dxe4 15.Bxe4 Nxe4 16.Nxe4 Bc4
17.Be3 f5 18.Nd6 Rxe3  0-1

[Event "40th Olympiad Open"]
[Site "Istanbul TUR"]
[Date "2012.09.01"]
[Round "5.04"]
[White "Bauer,Ch"]
[Black "Kozul,Z"]
[Result "0-1"]
[WhiteElo "2682"]
[BlackElo "2616"]

1.d4 Nf6 2.Bg5 Ne4 3.Bf4 d6 4.f3 Nf6 5.e4 Nbd7 6.Nc3 e5 7.Be3 Be7 8.Qd2 O-O
9.O-O-O c6 10.g4 b5 11.Kb1 b4 12.Nce2 Qa5 13.Nc1 exd4 14.Bxd4 c5 15.Bf2 Ne8
16.Nh3 Ne5 17.Be2 Rb8 18.Nf4 Nc7 19.Nh5 Nb5 20.Nb3 Qc7 21.f4 c4 22.fxe5 cxb3
23.cxb3 dxe5 24.Rc1 Qb7 25.Qd5 Qxd5 26.exd5 Nd4 27.Bd1 Bg5 28.Rc4 Bb7 29.Re1 Bxd5
30.Rxe5 Bxc4 31.bxc4 Ne6 32.Bxa7 Rbd8 33.Bf3 Rd2 34.Bd5 Rxh2 35.Re1 g6 36.Ng3 Bh4
37.Rg1 Re8 38.Ne4 Nf4 39.Bxf7+ Kxf7 40.Nd6+ Ke7 41.Nxe8 Kxe8 42.Bb8 Rf2 43.Ba7 Re2
44.Bd4 Re4 45.Bh8 Rxc4  0-1